书目信息 |
| 题名: |
英语阅读理解推理判断技巧集训
|
|
| 作者: | 孙湘生 , 龚艳霞 编著 | |
| 分册: | ||
| 出版信息: | 北京 科学出版社 2009.02 |
|
| 页数: | 234页 | |
| 开本: | 26cm | |
| 丛书名: | ||
| 单 册: | ||
| 中图分类: | H319.4 | |
| 科图分类: | ||
| 主题词: | 英语--ying yu--阅读教学 | |
| 电子资源: | ||
| ISBN: | 978-7-03-022965-6 | |
| 000 | 00921nam0 2200241 450 | |
| 001 | 012009369134 | |
| 005 | 20091128163013.62 | |
| 010 | @a978-7-03-022965-6@dCNY29.00 | |
| 100 | @a20091128d2009 em y0chiy0120 ea | |
| 101 | 0 | @achi@aeng |
| 102 | @aCN@b110000 | |
| 105 | @ay z 000yy | |
| 106 | @ar | |
| 200 | 1 | @a英语阅读理解推理判断技巧集训@Aying yu yue du li jie tui li pan duan ji qiao ji xun@f孙湘生, 龚艳霞编著@Fsun xiang sheng,gong yan xia bian zhu |
| 210 | @a北京@c科学出版社@d2009.02 | |
| 215 | @a234页@d26cm | |
| 330 | @a本书共分4章:第一章为英语阅读理解推理判断技巧概述;第二章为英语阅读理解推理判断技巧专项训练;第三章为英语阅读理解推理判断技巧综合训练:第四章为英语阅读理解模拟试题。 | |
| 606 | 0 | @a英语@Aying yu@x阅读教学 |
| 690 | @aH319.4@v4 | |
| 701 | 0 | @a孙湘生@Asun xiang sheng@4编著 |
| 701 | 0 | @a龚艳霞@Agong yan xia@4编著 |
| 801 | 0 | @aCN@bQSSK@c20091128 |
| 905 | @b767913-15@dH319.4@eS966@f3 | |
| 英语阅读理解推理判断技巧集训/孙湘生, 龚艳霞编著.-北京:科学出版社,2009.02 |
| 234页;26cm |
| ISBN 978-7-03-022965-6:CNY29.00 |
| 本书共分4章:第一章为英语阅读理解推理判断技巧概述;第二章为英语阅读理解推理判断技巧专项训练;第三章为英语阅读理解推理判断技巧综合训练:第四章为英语阅读理解模拟试题。 |
| ● |
| 相关链接 |
|
|
|
正题名:英语阅读理解推理判断技巧集训
索取号:H319.4/S966
 
预约/预借
| 序号 | 登录号 | 条形码 | 馆藏地/架位号 | 状态 | 备注 |
| 1 | 767913 | 207679136 | 语言库209/209语言库 48排6列4层/ [索取号:H319.4/S966] | 在馆 | |
| 2 | 767914 | 207679145 | 语言库209/209语言库 48排6列4层/ [索取号:H319.4/S966] | 在馆 | |
| 3 | 767915 | 207679154 | 语言库209/209语言库 48排6列4层/ [索取号:H319.4/S966] | 在馆 |